Countries by the Flags of their States - Statistics

General Stats
  • This quiz has been taken 538 times
  • The average score is 8 of 20
Answer Stats
Picture Answer % Correct
United States
93%
Australia
85%
Germany
79%
Canada
66%
India
62%
Netherlands
56%
France
51%
Portugal
44%
Mexico
42%
Thailand
40%
Pakistan
37%
South Africa
25%
Brazil
22%
Russia
22%
Egypt
17%
Ukraine
17%
Sweden
15%
Switzerland
15%
Argentina
7%
Ethiopia
6%
No matching quizzes found
Score Distribution
Percent of People with Each Score
Percentile by Number Answered
Your Score History
You have not taken this quiz